000 01134cab a2200289 4500
001 ABS50014
008 090401t1994 xxu||||| |||| 00| 0 eng d
035 _a(Sirsi) u73658
041 _aeng
100 _aEdwards, M.
245 _aSection 106 and planning gain - clarification or confusion?
260 _c1994
350 _a0
490 _aEstates Gazette
_v(9404) 29 January 1994, 129-132(4)
520 _aDebate on the legitamacy and scope of planning gain has been hindered by lack of definition by commentators or the courts. This article attempts to redress this through an examination of government circulars and by an analysis of the "Plymouth case".
650 _aNEWBURY DC V SOS ENVIRONMENT
650 _aPLANNING AND COMPENSATION ACT 1991
650 _aPLANNING GAIN
650 _aPLANNING OBLIGATIONS
650 _aR V PLYMOUTH CITY COUNCIL EX P PLYMOUTH AND SOUTH DEVON CO-OPERATIVE SOCIETY LTD
650 _aR V WESTMINSTER LBC EX P MONAHAN
650 _aSAFEWAY PROPERTIES V SOS ENVIRONMENT
690 _aPLANNING LAW AND PRACTICE
700 _aMartin, J.
942 _n0
948 _c04/03/1997
999 _c46516
_d46516